000 00797nam a2200229 i 4500
001 17680
003 ES-MaACL
005 20250902114315.0
007 t|
008 010425s1994 cl ||||1| spa d
080 _a343.435
100 1 _aRivacoba y Rivacoba, Manuel de.
_997535
245 1 0 _aViolencia y justicia /
_cManuel de Rivacoba y Rivacoba.
260 _aValparaíso :
_bSociedad Chilena de Filosofía Jurídica y Social,
_c[1994]
300 _a27 p. ;
_c20 cm.
595 _aTirada aparte del vol. Recuerdo de Jorge Millas (Anuario de filosofía jurídica y social, 11, 1993)
650 1 4 _aViolencia (Derecho)
_917818
650 0 0 _aJusticia.
_914032
710 2 _aSociedad Chilena de Filosofía Jurídica y Social
_96651
852 _aES-MaACL
_j2163-F-9
999 _c17680
_d17680